| 000 | 01353nam a2200313 a 4500 | ||
|---|---|---|---|
| 005 | 20240528104746.0 | ||
| 008 | 101001t1996||||sp a f |||| 001 0 spa d | ||
| 020 | _a8445805096 | ||
| 041 | _aspa | ||
| 092 |
_c611 _l75 _sROU |
||
| 100 | 1 |
_aRouviere, Henri _974 |
|
| 245 |
_aAnatomía Humana. Descriptiva, topográfica y funcional. _bT.3 Miembros- Sistema Nervioso Central / _cH. Rouviere. |
||
| 250 |
_a9a ed. _bVersión en español dirigida por E. Acosta Vidrio |
||
| 260 |
_aBarcelona: _bMasson; _c1996. |
||
| 300 |
_a767 p. _bil. |
||
| 500 | _aRouviere, H. y Delmas, A. (1996). Anatomía Humana. Descriptiva, topográfica y funcional. T.3 Miembros y Sistema Nervioso Central. (9a ed.). Barcelona : Masson. | ||
| 653 | _aAnatomía descriptiva del miembro superior | ||
| 653 | _aAnatomía topográfica del miembro superior | ||
| 653 | _aAnatomía funcional del miembro superior | ||
| 653 | _aAnatomía descriptiva del miembro inferior | ||
| 653 | _aAnatomía topografica del miembro inferior | ||
| 653 | _aAnatomía funcional del miembro inferior | ||
| 653 | _aTerritorio de inervasión funcional del miembro inferior | ||
| 653 | _aSistema nervioso central Cerebroespinal | ||
| 653 | _aSistema nervioso de la vida vegetativa orgánica | ||
| 653 | _aMeninges, vasos del neuroeje | ||
| 700 | 1 |
_tDelmas, André _975 |
|
| 942 |
_2ddc _cBK |
||
| 999 |
_c2149 _d2149 |
||